Liste des noms de Pokémon finissant par M - Statistiques

Statistiques générales
  • Ce quiz a été pris 61 fois
  • Le résultat moyen est 10 sur 25
Statistiques - réponses
Pokémon % Correct
Zekrom
86%
Reshiram
81%
Kyurem
67%
Ramboum
62%
Brouhabam
57%
Terrakium
52%
Verpom
52%
Viridium
52%
Cobaltium
48%
Alakazam
38%
Gringolem
38%
Ouisticram
38%
Chaglam
33%
Roitiflam
33%
Vivaldaim
33%
Cosmovum
29%
Haydaim
29%
Macronium
29%
Méganium
29%
Pohm
29%
Spectrum
29%
Fantyrm
24%
Neitram
24%
Grolem
19%
Chevroum
14%
Aucun quiz correspondant
Distribution des résultats
% des personnes avec chaque résultat
Percentile par nombre de réponses
Votre historique - résultats
Vous n’avez pas pris ce quiz